| 000 | 00842cam a2200265 a 4500 | ||
|---|---|---|---|
| 008 | |||
| 020 | _a0750659882 (hbk.) | ||
| 049 | _aMAIN | ||
| 090 |
_aTK7887 _bAND |
||
| 100 | 1 | _aAnderson, Howard. | |
| 245 | 1 | 0 |
_aNewnes PC troubleshooting pocket book / _cHoward Anderson and Mike Tooley. |
| 250 | _a2nd ed. | ||
| 260 |
_aOxford : _bNewnes, _c2003. |
||
| 300 |
_aix, 232 p. : _bill. ; _c20 cm. |
||
| 500 | _aOriginally published: PC troubleshooting pocket book, 1994. | ||
| 500 | _aIncludes index. | ||
| 650 | 0 |
_aMicrocomputers _xMaintenance and repair _xHandbooks, manuals, etc. |
|
| 700 | _aTooley, Mike. | ||
| 740 | _aPC troubleshooting pocket book. | ||
| 907 |
_a.b10266033 _b12-11-09 _c14-09-09 |
||
| 003 | |||
| 005 | 20230123124945.0 | ||
| 040 | _cNUST | ||
| 942 |
_cBOOKS _kTK7887 _mAND |
||
| 999 |
_c133226 _d133226 |
||